| 000 | 00405cam a2200169ua 4500 | ||
|---|---|---|---|
| 020 | _c6.00 | ||
| 041 |
_aeng _h |
||
| 082 |
_a928.21 _bDOB/AL |
||
| 100 | _aDobree, Bonamy . | ||
| 245 |
_aAlexander pope / _cBonamy Dobree. _hTextual Documents |
||
| 260 |
_aLondon : _bOxford University Press , _c1963. |
||
| 300 | _a100 ; . | ||
| 365 | _a6.00 | ||
| 504 | _a | ||
| 942 | _cBK | ||
| 999 |
_c1238 _d1238 |
||